书目信息 |
| 题名: |
能源与动力装置基础
|
|
| 作者: | 何国庚 主编 ;孙建平 , 张燕平 , 魏明锐 编写 | |
| 分册: | ||
| 出版信息: | 北京 中国电力出版社 2008 |
|
| 页数: | 339页 | |
| 开本: | 26cm | |
| 丛书名: | 普通高等教育“十一五”国家级规划教材 | |
| 单 册: | ||
| 中图分类: | TK05 | |
| 科图分类: | ||
| 主题词: | 能源--neng yuan--动力装置--高等学校--教材 | |
| 电子资源: | ||
| ISBN: | 978-7-5083-6689-0 | |
| 000 | 01214nam 2200325 45 | |
| 001 | 012001003614 | |
| 005 | 20131104172601.0 | |
| 010 | @a978-7-5083-6689-0@dCNY45.00 | |
| 099 | @aCAL 012008108154 | |
| 100 | @a20080701d2008 ekmy0chiy0120 ea | |
| 101 | 0 | @achi |
| 102 | @aCN@b110000 | |
| 105 | @aak a 000yy | |
| 106 | @ar | |
| 200 | 1 | @a能源与动力装置基础@Aneng yuan yu dong li zhuang zhi ji chu@d= Thermal energy & power@f主编何国庚@g编写孙建平, 张燕平, 魏明锐@zeng |
| 210 | @a北京@c中国电力出版社@d2008 | |
| 215 | @a339页@c图@d26cm | |
| 225 | 2 | @a普通高等教育“十一五”国家级规划教材@Apu tong gao deng jiao yu“ shi yi wu” guo jia ji gui hua jiao cai |
| 320 | @a有书目 (第339页) | |
| 330 | @a本书系统地介绍了能源动力工程中主要机械、设备、装置的组成、结构、工作原理和性能. | |
| 410 | 0 | @12001@a普通高等教育“十一五”国家级规划教材 |
| 510 | 1 | @aThermal energy & power@zeng |
| 606 | 0 | @a能源@Aneng yuan@x动力装置@x高等学校@j教材 |
| 690 | @aTK05@v4 | |
| 701 | 0 | @a何国庚@Ahe guo geng@4主编 |
| 702 | 0 | @a孙建平@Asun jian ping@4编写 |
| 702 | 0 | @a张燕平@Azhang yan ping@4编写 |
| 702 | 0 | @a魏明锐@Awei ming rui@4编写 |
| 801 | 2 | @aCN@b上海新华@c20191020 |
| 905 | @b1205993-5@dTK05@e184@f3 | |
| 能源与动力装置基础= Thermal energy & power/主编何国庚/编写孙建平, 张燕平, 魏明锐.-北京:中国电力出版社,2008 |
| 339页:图;26cm.-(普通高等教育“十一五”国家级规划教材) |
| ISBN 978-7-5083-6689-0:CNY45.00 |
| 本书系统地介绍了能源动力工程中主要机械、设备、装置的组成、结构、工作原理和性能. |
| ● |
| 相关链接 |
|
|
|
|
正题名:能源与动力装置基础
索取号:TK05/184
 
预约/预借
| 序号 | 登录号 | 条形码 | 馆藏地/架位号 | 状态 | 备注 |
| 1 | 1205993 | 212059939 | 第二样本阅览室/ [索取号:TK05/184] | 在馆 | |
| 2 | 1205994 | 212059948 | 第三借阅区/ [索取号:TK05/184] | 在馆 | |
| 3 | 1205995 | 212059957 | 第三借阅区/ [索取号:TK05/184] | 在馆 |